[Event "SF Buer 1 - SV Königsspringer Haltern 1"]
[Site "Verbandsklasse - Gruppe 2 202"]
[Date "2021.12.12"]
[Round "3.5"]
[White "Backmann, Hans"]
[Black "Seppelfricke, Guido"]
[Result "0-1"]
[WhiteElo "1748"]
[BlackElo "1851"]
[PlyCount "86"]
[EventDate "2021.??.??"]
[WhiteTeam "SV Königsspringer Haltern 1"]
[BlackTeam "SF Buer 1"]

1. c4 c5 2. g3 Nc6 3. Bg2 d6 4. e3 Nf6 5. Ne2 g6 6. O-O Bg7 7. Nbc3 O-O 8. d4
cxd4 9. exd4 a6 10. Bg5 h6 11. Bxf6 Bxf6 12. Qd2 Bg7 13. Rac1 Kh7 14. Nd5 e6
15. Ndf4 Rb8 16. a3 Ne7 17. Nd3 b6 18. b4 Bb7 19. c5 Bxg2 20. Kxg2 dxc5 21.
dxc5 bxc5 22. Rxc5 Rb6 23. Qc2 Rd6 24. Ne5 Nf5 25. Nf3 Qa8 26. Rd1 Rxd1 27.
Qxd1 Rd8 28. Qc2 e5 29. Rc7 e4 30. Nfg1 e3+ 31. Qc6 exf2 32. Kxf2 Qb8 33. Nf3
Rd6 34. Qc5 Rf6 35. Nf4 Qe8 36. h4 Qe4 37. Qe5 Qb1 38. Qe2 Qa1 39. g4 Nd4 40.
Qe4 Nxf3 41. Kxf3 Qxa3+ 42. Kg2 Qb2+ 43. Rc2 Rxf4 0-1

[Event "SF Buer 1 - SV Königsspringer Haltern 1"]
[Site "Verbandsklasse - Gruppe 2 202"]
[Date "2021.12.12"]
[Round "3.6"]
[White "Momot, Martin"]
[Black "Poeter, Manfred"]
[Result "1-0"]
[WhiteElo "1726"]
[BlackElo "1762"]
[PlyCount "81"]
[EventDate "2021.??.??"]
[WhiteTeam "SF Buer 1"]
[BlackTeam "SV Königsspringer Haltern 1"]

1. d4 d5 2. c4 e6 3. Nc3 Nf6 4. Nf3 c5 5. e3 cxd4 6. Nxd4 Nc6 7. Be2 Bd6 8. a3
O-O 9. b4 Ne5 10. c5 Bb8 11. Bb2 a6 12. Rc1 Qe7 13. Na4 Bd7 14. Nb6 Ra7 15.
Nxd7 Nfxd7 16. c6 Nb6 17. cxb7 Qxb7 18. Nb3 Nec4 19. Bd4 Nxa3 20. Na5 Qe7 21.
Bc5 Bd6 22. Nc6 Qg5 23. Bxd6 Qxg2 24. Bf3 Qg6 25. Nxa7 Re8 26. Nc6 Kh8 27. Bc5
Nbc4 28. Nd4 Nb2 29. Qb3 Nd3+ 30. Ke2 Nxc1+ 31. Rxc1 Nc4 32. Qa4 Rg8 33. Qxa6
Ne5 34. Bd6 Nc4 35. Bg3 Qf6 36. b5 Qe7 37. Nc6 Qf6 38. Qa1 Qg5 39. Ne5 Nxe5 40.
Qxe5 Qe7 41. Qc7 1-0

[Event "SF Buer 1 - SV Königsspringer Haltern 1"]
[Site "Verbandsklasse - Gruppe 2 202"]
[Date "2021.12.12"]
[Round "3.8"]
[White "Schorra, Helmut"]
[Black "Lohkemper, Malte"]
[Result "0-1"]
[WhiteElo "2084"]
[BlackElo "1665"]
[PlyCount "94"]
[EventDate "2021.??.??"]
[WhiteTeam "SF Buer 1"]
[BlackTeam "SV Königsspringer Haltern 1"]

1. d4 Nf6 2. c4 e6 3. Nc3 Bb4 4. e3 d5 5. cxd5 exd5 6. Nge2 O-O 7. a3 Bxc3+ 8.
Nxc3 Nbd7 9. g3 Re8 10. Bg2 Nf8 11. O-O Bf5 12. Re1 c6 13. f3 h5 14. e4 dxe4
15. fxe4 Bg4 16. Qd3 Qd7 17. Be3 Ng6 18. Qf1 a6 19. h3 Be6 20. Rad1 Bb3 21. Rd2
b5 22. Qf3 h4 23. g4 Rac8 24. Bf2 Bc4 25. Nb1 Qc7 26. g5 Nh7 27. b3 Be6 28. d5
cxd5 29. exd5 Bd7 30. Be3 Nxg5 31. Qf1 Qg3 32. Rde2 Nxh3+ 33. Kh1 Nhf4 34. Bf2
Nxe2 35. Rxe2 Qxb3 36. Be4 Rxe4 37. Rxe4 Qxd5 38. Qg2 Qxe4 39. Qxe4 Bc6 40. Nc3
Bxe4+ 41. Nxe4 Ne5 42. Nc5 a5 43. Nb7 b4 44. axb4 axb4 45. Nc5 Rxc5 46. Bxc5 b3
47. Bd4 Nd3 0-1

[Event "SF Werden 2 - SK Werne 1"]
[Site "?"]
[Date "2021.12.12"]
[Round "3"]
[White "Bury, Tobias"]
[Black "GÃ¤ÃŸner, Markus"]
[Result "1/2-1/2"]
[WhiteElo "1884"]
[BlackElo "1821"]
[PlyCount "29"]

1. c4 Nf6 2. Nc3 d5 3. cxd5 Nxd5 4. g3 g6 5. Bg2 Nxc3 6. bxc3 Bg7 7. Rb1 c6 8.
Nf3 O-O 9. O-O Nd7 10. Qc2 Qa5 11. c4 e5 12. d3 Re8 13. Bd2 Qc7 14. Bc3 Nc5 15.
Nd2 1/2-1/2

[Event "SF Werden 2 - SK Werne 1"]
[Site "?"]
[Date "2021.12.12"]
[Round "3"]
[White "HÃ¶rstrup, Robert"]
[Black "Blank, Stephan"]
[Result "1/2-1/2"]
[WhiteElo "1713"]
[BlackElo "1825"]
[PlyCount "34"]

1. e4 d5 2. exd5 Qxd5 3. Nc3 Qd6 4. d4 Nf6 5. Bc4 Bg4 6. f3 Bf5 7. Nge2 e6 8.
O-O c6 9. Bf4 Qb4 10. Bb3 Nbd7 11. Ng3 Bg6 12. Re1 O-O-O 13. Nce4 Nxe4 14. Nxe4
Bxe4 15. fxe4 Nf6 16. c3 Qa5 17. Qf3 Be7 1/2-1/2

[Event "SF Werden 2 - SK Werne 1"]
[Site "?"]
[Date "2021.12.12"]
[Round "3"]
[White "Mann, BoldizsÃ¡r"]
[Black "Scharfenkamp, Bernd"]
[Result "0-1"]
[WhiteElo "1607"]
[BlackElo "1618"]
[PlyCount "44"]

1. d4 Nf6 2. Nf3 d5 3. e3 e6 4. Bd3 Nbd7 5. Nbd2 c5 6. b3 Be7 7. Bb2 O-O 8. Ne5
Qc7 9. O-O Nb6 10. f4 Bd7 11. Rf3 Bc6 12. Rh3 g6 13. dxc5 Nbd7 14. b4 Nxe5 15.
Bxe5 Qd8 16. Nf3 Ng4 17. Bd4 Bf6 18. Ng5 h5 19. Nxe6 fxe6 20. Bxg6 Bxd4 21.
Qxd4 Qf6 22. Qd3 Qxa1+ 0-1

[Event "SF Werden 2 - SK Werne 1"]
[Site "?"]
[Date "2021.12.12"]
[Round "3"]
[White "HÃ¶selbarth, Thomas"]
[Black "Rother, Josef"]
[Result "1/2-1/2"]
[WhiteElo "1571"]
[BlackElo "1756"]
[PlyCount "43"]

1. d4 d5 2. c4 c6 3. cxd5 cxd5 4. Nc3 Nc6 5. Nf3 Bg4 6. e3 e6 7. h3 Bh5 8. Be2
Nf6 9. O-O a6 10. a3 Bd6 11. b4 Ne4 12. Nxe4 dxe4 13. Nd2 Bxe2 14. Qxe2 f5 15.
Nb3 O-O 16. Bb2 b6 17. Rac1 Ne7 18. Rc2 Qd7 19. Rfc1 Qa4 20. Nd2 Qd7 21. Nc4
Bc7 22. Nd2 1/2-1/2

[Event "SF Werden 2 - SK Werne 1"]
[Site "?"]
[Date "2021.12.12"]
[Round "3"]
[White "Eggebrecht, Stefan"]
[Black "Nadrowski, Joseph"]
[Result "1/2-1/2"]
[WhiteElo "1763"]
[BlackElo "1533"]
[PlyCount "47"]

1. e4 d6 2. d4 Nf6 3. Nc3 g6 4. Nf3 Bg4 5. Be3 Bg7 6. Be2 O-O 7. Qd2 Re8 8. h3
Bxf3 9. Bxf3 c6 10. O-O Nbd7 11. Rad1 Qc7 12. Be2 b5 13. Bd3 a6 14. a3 c5 15.
dxc5 dxc5 16. f4 e6 17. Be2 Rad8 18. Qc1 c4 19. e5 Nh5 20. Bxh5 gxh5 21. Rd2
Nf8 22. Rfd1 Rxd2 23. Qxd2 Ng6 24. Kf2 1/2-1/2

[Event "SF Werden 2 - SK Werne 1"]
[Site "?"]
[Date "2021.12.12"]
[Round "3"]
[White "Lohaus, Herbert"]
[Black "Ismail Zade, Hamed"]
[Result "1-0"]
[WhiteElo "1665"]
[BlackElo "1374"]
[PlyCount "81"]

1. Nf3 d5 2. g3 c5 3. Bg2 Nc6 4. O-O e5 5. d3 Nf6 6. Bg5 Be7 7. c3 O-O 8. Nbd2
Be6 9. e4 d4 10. cxd4 cxd4 11. a3 Qd7 12. Rc1 h6 13. Bxf6 Bxf6 14. Nb3 b6 15.
Nbd2 Na5 16. b4 Nc6 17. Nc4 b5 18. Ncd2 a5 19. Rc5 axb4 20. axb4 Nxb4 21. Qb1
Ra4 22. Rfc1 Ba2 23. Qa1 Nxd3 24. Rc7 Qd6 25. R1c6 Qb4 26. Qd1 Rfa8 27. Qc2 Nb2
28. Bf1 Bc4 29. Nxc4 bxc4 30. Bxc4 Nxc4 31. Rxc4 Ra1+ 32. Kg2 Qb1 33. Qxb1 Rxb1
34. Rc2 Rd1 35. Rd7 g5 36. Rd5 Re8 37. Rcc5 d3 38. Rc3 g4 39. Ng1 Rd8 40. Rxd8+
Bxd8 41. Rc8 1-0

[Event "SW Oberhausen 1 - Hervest-Dorstener SK "]
[Site "Verbandsklasse - Gruppe 3 202"]
[Date "2021.12.12"]
[Round "3.1"]
[White "Tig, Achmet"]
[Black "Hortolani, Sven-Holger"]
[Result "1-0"]
[WhiteElo "1967"]
[BlackElo "2026"]
[PlyCount "64"]
[EventDate "2021.??.??"]
[WhiteTeam "Hervest-Dorstener SK 1"]
[BlackTeam "SW Oberhausen 1"]

1. d4 Nf6 2. Nf3 c5 3. d5 e6 4. c4 exd5 5. cxd5 d6 6. Nc3 g6 7. e4 Bg7 8. Be2
O-O 9. h3 Re8 10. Qc2 Na6 11. a3 Nc7 12. O-O b5 13. Nxb5 Nxe4 14. Nxc7 Qxc7 15.
Bf4 Rb8 16. Rab1 Nf6 17. Rbd1 Bf5 18. Bd3 Nh5 19. Bc1 Bxd3 20. Rxd3 Re4 21. b4
Rc8 22. Rb3 c4 23. Qxe4 cxb3 24. Be3 Nf6 25. Qb1 Qc2 26. Rc1 Nxd5 27. Qxb3
Qxc1+ 28. Bxc1 Rxc1+ 29. Kh2 Nc7 30. Qe3 Bb2 31. Qxa7 Ne6 32. b5 Rc3 1-0

[Event "SW Oberhausen 1 - Hervest-Dorstener SK "]
[Site "Verbandsklasse - Gruppe 3 202"]
[Date "2021.12.12"]
[Round "3.2"]
[White "Puetter, Pascal"]
[Black "Nowok, Frank"]
[Result "1/2-1/2"]
[WhiteElo "1980"]
[BlackElo "1896"]
[Annotator "daniel"]
[PlyCount "51"]
[EventDate "2021.??.??"]
[WhiteTeam "SW Oberhausen 1"]
[BlackTeam "Hervest-Dorstener SK 1"]

1. e4 c5 2. Nf3 e6 3. c3 b6 4. d4 Qc7 5. Bd3 d6 6. O-O Nd7 7. Qe2 Ngf6 8. Nbd2
Be7 9. Rd1 e5 $11 10. Nf1 O-O 11. Ng3 Re8 12. dxe5 Nxe5 13. Nxe5 dxe5 14. Bc4
Bb7 15. f3 Rad8 16. Bg5 h6 17. Be3 Bc8 18. Rxd8 Rxd8 19. Rd1 Bf8 20. Rd2 Ne8
21. Qd1 Rxd2 22. Qxd2 Nd6 23. Bd5 Kh7 24. Kf2 Qe7 25. Qd3 Qh4 26. Kg1 1/2-1/2

[Event "SW Oberhausen 1 - Hervest-Dorstener SK "]
[Site "Verbandsklasse - Gruppe 3 202"]
[Date "2021.12.12"]
[Round "3.3"]
[White "Hermanowski, Mark"]
[Black "Schwerdtfeger, Joachim"]
[Result "0-1"]
[WhiteElo "1878"]
[BlackElo "1890"]
[Annotator "daniel"]
[PlyCount "144"]
[EventDate "2021.??.??"]
[WhiteTeam "Hervest-Dorstener SK 1"]
[BlackTeam "SW Oberhausen 1"]

1. e4 e5 2. f4 d5 3. exd5 c6 4. d4 exd4 5. Nf3 Nf6 6. dxc6 Nxc6 7. Bd3 Bd6 8.
O-O O-O 9. a3 Qc7 10. Ng5 Ne7 11. Qf3 Bf5 12. g3 Bxd3 13. cxd3 Ned5 14. Ne4
Rac8 15. Nbd2 Be7 16. Nc4 Nxe4 17. Qxe4 Nf6 18. Qf3 b5 19. Ne5 Bd6 20. Bd2 Bxe5
21. Rac1 Qb8 22. fxe5 Qxe5 23. Rxc8 Rxc8 24. Qb7 Re8 25. Re1 Qh5 26. Rxe8+ Nxe8
27. Qe4 Qd1+ 28. Be1 Kf8 29. Kg2 Qc2+ 30. Kf1 Qc8 31. Qxd4 a6 32. Bc3 f6 33.
Qd5 g6 34. d4 Qh3+ 35. Kg1 Qc8 36. Kf2 Kg7 37. Qc5 Qxc5 38. dxc5 Kf7 39. Ke3
Ke6 40. b4 Kd5 41. Kd3 f5 42. Bb2 Nc7 43. Bc1 Ne6 44. Be3 Nd8 45. Bg5 Nc6 46.
Bf6 a5 47. Bc3 axb4 48. axb4 $11 Nd8 49. Bd2 Ne6 50. Be3 Nc7 51. Bf4 Ne8 52.
Bg5 Ng7 53. Bd2 Nh5 54. Bc3 g5 55. Ke2 Ke6 $11 56. Kf3 g4+ 57. Ke3 Kd5 58. Bb2
Ke6 59. Kd4 f4 60. gxf4 Nxf4 61. Ke4 Nd5 62. Ba3 h5 63. Bb2 Nxb4 64. Bc3 Nd5
65. Be5 Ne7 66. Bg3 b4 67. Be1 b3 68. Bc3 Nd5 69. Bd4 h4 70. Bb2 g3 71. Kf3 Ne3
72. h3 Nc4 0-1

[Event "SW Oberhausen 1 - Hervest-Dorstener SK "]
[Site "Verbandsklasse - Gruppe 3 202"]
[Date "2021.12.12"]
[Round "3.4"]
[White "Kuckelkorn, Joerg"]
[Black "Vengels, Joachim"]
[Result "0-1"]
[WhiteElo "1861"]
[BlackElo "1962"]
[PlyCount "56"]
[EventDate "2021.??.??"]
[WhiteTeam "SW Oberhausen 1"]
[BlackTeam "Hervest-Dorstener SK 1"]

1. f4 Nf6 2. Nf3 c5 3. g3 b6 4. Bg2 Bb7 5. d3 d5 6. O-O Nbd7 7. Qe1 Qc7 8. Nbd2
e5 9. e4 dxe4 10. Nxe4 Nxe4 11. dxe4 Be7 12. Bd2 O-O 13. fxe5 Nxe5 14. Nxe5
Qxe5 15. Bc3 Qe6 16. Qe2 Rae8 17. Rf5 Bf6 18. Bxf6 Qxf5 19. Rf1 Qg6 20. Rf4 Bc8
21. e5 gxf6 22. Be4 f5 23. Bd3 f6 24. Rh4 fxe5 25. Bc4+ Kh8 26. Qd3 e4 27. Qc3+
Qg7 28. Qe1 f4 0-1

[Event "SW Oberhausen 1 - Hervest-Dorstener SK "]
[Site "Verbandsklasse - Gruppe 3 202"]
[Date "2021.12.12"]
[Round "3.5"]
[White "Buesken, Klaus"]
[Black "Kyas, Jens-Stefan"]
[Result "1-0"]
[WhiteElo "1834"]
[BlackElo "1832"]
[PlyCount "57"]
[EventDate "2021.??.??"]
[WhiteTeam "Hervest-Dorstener SK 1"]
[BlackTeam "SW Oberhausen 1"]

1. Nf3 f5 2. d4 Nf6 3. g3 e6 4. Bg2 d5 5. O-O Bd6 6. b3 O-O 7. Ba3 c6 8. c4 Ne4
9. Bxd6 Qxd6 10. Qc2 Nd7 11. Nbd2 e5 12. dxe5 Nxe5 13. Nxe5 Qxe5 14. cxd5 cxd5
15. Nf3 Qe7 16. e3 Be6 17. Qb2 Rac8 18. Rac1 Rc6 19. Nd4 Rxc1 20. Rxc1 Bd7 21.
Rc2 Re8 22. Rc7 Qd8 23. Rxb7 Qa5 24. Bxe4 Bc8 25. Nxf5 d4 26. Qxd4 Re5 27.
Rxg7+ Kh8 28. Re7 Bxf5 29. Qxe5+ 1-0

[Event "SW Oberhausen 1 - Hervest-Dorstener SK "]
[Site "Verbandsklasse - Gruppe 3 202"]
[Date "2021.12.12"]
[Round "3.6"]
[White "Boecker, Juergen"]
[Black "Kudsin, Alexander"]
[Result "1/2-1/2"]
[WhiteElo "1829"]
[BlackElo "1794"]
[PlyCount "41"]
[EventDate "2021.??.??"]
[WhiteTeam "SW Oberhausen 1"]
[BlackTeam "Hervest-Dorstener SK 1"]

1. g4 d5 2. Bg2 Bxg4 3. c4 Nf6 4. cxd5 g6 5. Qb3 Bc8 6. Nc3 Bg7 7. Nf3 O-O 8.
d3 Nbd7 9. d4 Nb6 10. e4 a5 11. a4 Nh5 12. Ne2 Qd6 13. Bd2 Bg4 14. O-O f5 15.
h3 fxe4 16. hxg4 exf3 17. Bxf3 Nf6 18. Bf4 Qb4 19. Qa2 Qc4 20. Qxc4 Nxc4 21.
Rfc1 1/2-1/2

[Event "SW Oberhausen 1 - Hervest-Dorstener SK "]
[Site "Verbandsklasse - Gruppe 3 202"]
[Date "2021.12.12"]
[Round "3.7"]
[White "Nashir, Ramin"]
[Black "Matthes, Severin Johannes"]
[Result "0-1"]
[WhiteElo "1562"]
[BlackElo "1846"]
[PlyCount "60"]
[EventDate "2021.??.??"]
[WhiteTeam "Hervest-Dorstener SK 1"]
[BlackTeam "SW Oberhausen 1"]

1. d4 d5 2. Bf4 Nf6 3. e3 e6 4. c3 Be7 5. Bd3 O-O 6. Nf3 Nbd7 7. Nbd2 c5 8. O-O
a6 9. a4 b6 10. Qe2 Bb7 11. Ne5 Nxe5 12. Bxe5 Bc6 13. e4 Qd7 14. Bxf6 Bxf6 15.
e5 Bd8 16. Ra2 Bxa4 17. Rfa1 Bc6 18. Rxa6 Rxa6 19. Rxa6 cxd4 20. cxd4 f5 21. f4
Qb7 22. b4 b5 23. Ra2 Be7 24. Rb2 Qa7 25. Nb1 Qxd4+ 26. Kh1 Bxb4 27. Rc2 Bd7
28. Rc7 Rc8 29. Rxc8+ Bxc8 30. Qh5 Qxd3 0-1

[Event "SW Oberhausen 1 - Hervest-Dorstener SK "]
[Site "Verbandsklasse - Gruppe 3 202"]
[Date "2021.12.12"]
[Round "3.8"]
[White "Klamet, Walter"]
[Black "Schmidt, Christian"]
[Result "0-1"]
[WhiteElo "1644"]
[BlackElo "1636"]
[PlyCount "142"]
[EventDate "2021.??.??"]
[WhiteTeam "SW Oberhausen 1"]
[BlackTeam "Hervest-Dorstener SK 1"]

1. b4 g6 2. Bb2 Nf6 3. Nf3 Bg7 4. c4 c5 5. bxc5 Qa5 6. g3 Qxc5 7. e3 O-O 8. Bg2
Qxc4 9. d3 Qb5 10. Qe2 d6 11. Nc3 Qd7 12. O-O Nc6 13. Rfc1 b6 14. d4 Bb7 15.
Qb5 Rfc8 16. Ng5 Na5 17. Bh3 Qxb5 18. Nxb5 Rc4 19. Bf1 Rxc1 20. Rxc1 h6 21. Nh3
a6 22. Nc7 Ra7 23. Nf4 b5 24. Bc3 Nc4 25. Bxc4 bxc4 26. Ba5 Be4 27. Rxc4 g5 28.
Ng2 Bd3 29. Rc3 Bb5 30. h4 Ne4 31. Rc2 e6 32. hxg5 hxg5 33. Ne1 d5 34. Kg2 Bf8
35. f3 Nd6 36. Kf2 Nc4 37. Nxb5 axb5 38. Bd8 Be7 39. Bxe7 Rxe7 40. Nd3 f6 41.
Nb4 Ra7 42. Rc3 Kf7 43. Ke2 Kg6 44. Kd3 Rh7 45. Rc2 Rh1 46. e4 Rd1+ 47. Kc3
dxe4 48. fxe4 Rg1 49. Nc6 Rxg3+ 50. Kb4 Re3 51. a4 Na3 52. Ra2 Nc4 53. Kxb5
Nd6+ 54. Kb6 Rb3+ 55. Kc7 Nxe4 56. a5 Nc3 57. a6 Nxa2 58. Na5 Ra3 59. Kb6 Nb4
60. a7 Nd5+ 61. Ka6 Nc7+ 62. Kb6 Na8+ 63. Ka6 g4 64. Kb5 Rxa5+ 65. Kxa5 g3 66.
Ka6 g2 67. Kb7 g1=Q 68. Kxa8 Qg2+ 69. Kb8 f5 70. a8=Q Qxa8+ 71. Kxa8 f4 0-1

[Event "SC Gerthe - Werne 1 - Sport Union Annen"]
[Site "Verbandsliga - Gruppe 1 2021/"]
[Date "2022.01.16"]
[Round "4.1"]
[White "Mainka, Gregor"]
[Black "Quast, Marcel"]
[Result "1-0"]
[WhiteElo "2121"]
[BlackElo "2259"]
[PlyCount "83"]
[EventDate "2022.??.??"]
[WhiteTeam "Sport Union Annen 1"]
[BlackTeam "SC Gerthe - Werne 1"]

1. Nf3 f5 2. g3 Nf6 3. Bg2 g6 4. b3 Bg7 5. Bb2 O-O 6. d4 d6 7. O-O Na6 8. c4 c5
9. e3 Ne4 10. Nbd2 Nxd2 11. Qxd2 Rb8 12. Rfd1 Kh8 13. dxc5 Nxc5 14. Bxg7+ Kxg7
15. Qd4+ Kg8 16. b4 Ne4 17. Qxa7 Qc7 18. Rac1 Bd7 19. Qd4 Ra8 20. Qb2 Qb6 21.
a3 Qa6 22. Rd3 Be6 23. Nd2 Nf6 24. Qd4 Rac8 25. b5 Qa8 26. e4 fxe4 27. Nxe4
Nxe4 28. Bxe4 Rc5 29. Rdc3 Qa7 30. Qe3 b6 31. Bxg6 Re5 32. Qh6 hxg6 33. Qxg6+
Kh8 34. Qh6+ Kg8 35. Qg6+ Kh8 36. g4 Bxg4 37. Qh6+ Kg8 38. Qg6+ Kh8 39. Qxg4
Rf7 40. Rh3+ Rh7 41. Qc8+ Kg7 42. Rg3+ 1-0

[Event "SC Gerthe - Werne 1 - Sport Union Annen"]
[Site "Verbandsliga - Gruppe 1 2021/"]
[Date "2022.01.16"]
[Round "4.2"]
[White "Brueggestraß, Volker"]
[Black "Al Ali, Mohammad"]
[Result "1-0"]
[WhiteElo "1997"]
[BlackElo "1858"]
[PlyCount "65"]
[EventDate "2022.??.??"]
[WhiteTeam "SC Gerthe - Werne 1"]
[BlackTeam "Sport Union Annen 1"]

1. e4 c5 2. c3 g6 3. Nf3 d6 4. d4 Nf6 5. dxc5 Nxe4 6. Qa4+ Nc6 7. Qxe4 dxc5 8.
Be2 Bg7 9. O-O O-O 10. Na3 a6 11. Rd1 Qc7 12. Qh4 Re8 13. Bc4 Ne5 14. Nxe5 Bxe5
15. Bh6 Bf5 16. Bd3 Be6 17. Nc4 Bf6 18. Bg5 Bg7 19. Bf4 Qc6 20. Qg3 Rad8 21. h4
Rd5 22. Ne3 Rd7 23. h5 Red8 24. Be2 Qa4 25. hxg6 fxg6 26. Rxd7 Rxd7 27. Be5 Bf6
28. Bxf6 exf6 29. Bg4 f5 30. Nxf5 Bxf5 31. Bxf5 Rd8 32. Be6+ Kg7 33. Qc7+ 1-0

[Event "SC Gerthe - Werne 1 - Sport Union Annen"]
[Site "Verbandsliga - Gruppe 1 2021/"]
[Date "2022.01.16"]
[Round "4.4"]
[White "Kalle, Yannis"]
[Black "Herrmann, Uwe"]
[Result "1/2-1/2"]
[WhiteElo "1807"]
[BlackElo "1855"]
[PlyCount "48"]
[EventDate "2022.??.??"]
[WhiteTeam "SC Gerthe - Werne 1"]
[BlackTeam "Sport Union Annen 1"]

1. e4 e6 2. d4 d5 3. Nc3 Nf6 4. Bg5 Bb4 5. e5 h6 6. Bd2 Bxc3 7. bxc3 Ne4 8. Bd3
Nxd2 9. Qxd2 c5 10. Nf3 Nc6 11. O-O Qa5 12. Rad1 cxd4 13. cxd4 Qxd2 14. Rxd2
Na5 15. Rdd1 Bd7 16. Rb1 Rc8 17. Nd2 O-O 18. Nb3 Nxb3 19. Rxb3 Rc7 20. Rfb1 b6
21. Rb4 Rc3 22. R4b3 Rfc8 23. Rxc3 Rxc3 24. Rb3 Rxb3 1/2-1/2

[Event "SC Gerthe - Werne 1 - Sport Union Annen"]
[Site "Verbandsliga - Gruppe 1 2021/"]
[Date "2022.01.16"]
[Round "4.5"]
[White "Daemmrich, Lars"]
[Black "Loeffelbein, Klaus"]
[Result "0-1"]
[WhiteElo "1934"]
[BlackElo "1796"]
[PlyCount "106"]
[EventDate "2022.??.??"]
[WhiteTeam "Sport Union Annen 1"]
[BlackTeam "SC Gerthe - Werne 1"]

1. e4 e6 2. d4 d5 3. Nc3 Nf6 4. exd5 exd5 5. Bg5 Be7 6. Bd3 h6 7. Bh4 O-O 8.
Nge2 Re8 9. O-O c6 10. Qd2 Ne4 11. Nxe4 dxe4 12. Bxe7 Rxe7 13. Bc4 b5 14. Bb3
Be6 15. Ng3 Bxb3 16. axb3 Qd5 17. Rfe1 Nd7 18. Qb4 Rae8 19. Rxa7 f5 20. c4 Qxd4
21. Nxf5 Qxa7 22. Nxe7+ Kh7 23. Qd6 Nf6 24. Nf5 bxc4 25. bxc4 Qa5 26. Rd1 Qxf5
27. Qxc6 Qh5 28. Re1 Qe5 29. b4 Qc3 30. Rf1 Qxb4 31. h3 Qb8 32. Rc1 Rc8 33. Qe6
Re8 34. Qf5+ Kh8 35. Qc5 Qb2 36. Re1 Qc3 37. Kf1 Rd8 38. Qc7 Qd3+ 39. Kg1 Qd6
40. Qa5 Rc8 41. Rc1 Rc5 42. Qa4 Qd4 43. Qb3 Qe5 44. Qe3 Qc7 45. Qd4 Qc6 46. Rc3
Nd7 47. Rg3 Nf6 48. Rc3 Kh7 49. Kh1 Qc7 50. Rc2 Qe5 51. Qe3 Ne8 52. Qb3 Nd6 53.
Qb4 Qd4 0-1

[Event "SC Gerthe - Werne 1 - Sport Union Annen"]
[Site "Verbandsliga - Gruppe 1 2021/"]
[Date "2022.01.16"]
[Round "4.6"]
[White "Boost, Juergen"]
[Black "Lauer, Boris"]
[Result "1/2-1/2"]
[WhiteElo "1805"]
[BlackElo "1820"]
[PlyCount "32"]
[EventDate "2022.??.??"]
[WhiteTeam "SC Gerthe - Werne 1"]
[BlackTeam "Sport Union Annen 1"]

1. e4 e6 2. d4 d5 3. Nc3 dxe4 4. Nxe4 Be7 5. Nf3 Nf6 6. Ng3 O-O 7. Bd3 c5 8.
O-O Nc6 9. dxc5 Bxc5 10. Bg5 h6 11. Bxf6 Qxf6 12. Ne4 Qe7 13. Nxc5 Qxc5 14. Qe2
Bd7 15. Rfe1 Rfd8 16. c3 Rac8 1/2-1/2

[Event "SC Gerthe - Werne 1 - Sport Union Annen"]
[Site "Verbandsliga - Gruppe 1 2021/"]
[Date "2022.01.16"]
[Round "4.7"]
[White "Heile, Dennis"]
[Black "Al Zoubi, Ahmad"]
[Result "1-0"]
[WhiteElo "1604"]
[BlackElo "1713"]
[PlyCount "63"]
[EventDate "2022.??.??"]
[WhiteTeam "Sport Union Annen 1"]
[BlackTeam "SC Gerthe - Werne 1"]

1. Nf3 Nf6 2. d3 Nc6 3. e4 e5 4. g3 Bc5 5. Bg2 d6 6. c3 a6 7. O-O Bg4 8. h3 Bh5
9. Nbd2 Qd7 10. Nc4 O-O-O 11. b4 Ba7 12. a4 d5 13. exd5 Nxd5 14. Bb2 f6 15.
Nfxe5 Nxe5 16. Qxh5 g6 17. Nxe5 Qe6 18. Qf3 fxe5 19. c4 Qb6 20. Qg4+ Kb8 21.
Bxd5 Rhf8 22. c5 Qf6 23. Qe4 Qf5 24. Qxf5 gxf5 25. Bc4 a5 26. Bxe5 axb4 27. d4
b6 28. c6 b5 29. axb5 Bxd4 30. Bxd4 Rxd4 31. Ra4 Rfd8 32. Bb3 1-0

[Event "SC Gerthe - Werne 1 - Sport Union Annen"]
[Site "Verbandsliga - Gruppe 1 2021/"]
[Date "2022.01.16"]
[Round "4.8"]
[White "Steinke, Matthias"]
[Black "Kurz, Heinrich"]
[Result "1/2-1/2"]
[WhiteElo "1750"]
[BlackElo "1549"]
[PlyCount "68"]
[EventDate "2022.??.??"]
[WhiteTeam "SC Gerthe - Werne 1"]
[BlackTeam "Sport Union Annen 1"]

1. d4 Nf6 2. c4 g6 3. Nc3 Bg7 4. e4 d6 5. f4 Bg4 6. Nf3 Nc6 7. Be2 e6 8. O-O
O-O 9. Be3 Bxf3 10. Bxf3 Ne7 11. Qd2 c6 12. Rac1 Rc8 13. b4 h5 14. h3 b6 15. g4
hxg4 16. hxg4 Ne8 17. Kg2 f5 18. Rh1 Kf7 19. Rh3 Rh8 20. Rxh8 Bxh8 21. Rh1 Nf6
22. g5 Nxe4 23. Nxe4 fxe4 24. Bxe4 Nf5 25. Bxf5 exf5 26. Re1 Rc7 27. Bf2 Re7
28. Rxe7+ Qxe7 29. Qe3 Qe6 30. Qxe6+ Kxe6 31. Kf3 d5 32. c5 b5 33. Ke3 a6 34.
Kd3 Bg7 1/2-1/2

[Event "Bochumer SV 2 - SV Erkenschwick 2"]
[Site "Verbandsliga - Gruppe 1 2021/"]
[Date "2022.01.16"]
[Round "4.7"]
[White "Al Marawi, Abdulhadi"]
[Black "Hart, Klaus"]
[Result "1-0"]
[WhiteElo "1826"]
[BlackElo "1722"]
[PlyCount "241"]
[EventDate "2022.??.??"]
[WhiteTeam "SV Erkenschwick 2"]
[BlackTeam "Bochumer SV 2"]

1. e4 e5 2. Nf3 Nf6 3. Nxe5 d6 4. Nf3 Nxe4 5. d4 d5 6. Bd3 Bf5 7. O-O Be7 8. c4
dxc4 9. Bxe4 Bxe4 10. Re1 Bxf3 11. Qxf3 O-O 12. Qxb7 Nd7 13. Nc3 Bf6 14. Be3
Rb8 15. Qxa7 Rxb2 16. Rab1 Rxb1 17. Rxb1 Nb6 18. Ne4 Be7 19. Rc1 Qa8 20. Qxa8
Rxa8 21. Rc2 Ra4 22. g3 f5 23. Nc3 Ra5 24. Kf1 Bd6 25. f4 Kf7 26. Ke2 Ke6 27.
Bd2 Bb4 28. Nb1 Bxd2 29. Kxd2 Kd5 30. Kc3 Rb5 31. Na3 Na4+ 32. Kd2 Rb4 33. Ke3
c6 34. Rc1 c3 35. Nc2 Rb2 36. Kd3 g6 37. Re1 Kd6 38. Re8 c5 39. dxc5+ Nxc5+ 40.
Kxc3 Rxa2 41. Rd8+ Ke7 42. Rh8 Ne4+ 43. Kb3 Ra6 44. Rxh7+ Kf6 45. Nb4 Rd6 46.
Kc4 Nd2+ 47. Kc5 Ne4+ 48. Kc4 Nd2+ 49. Kb5 Ne4 50. Nc6 Rd3 51. Ne5 Rd5+ 52. Kc6
Rxe5 53. fxe5+ Kxe5 54. Rd7 g5 55. Rd5+ Ke6 56. Rd1 g4 57. Rf1 Ke5 58. Kd7 Nd2
59. Re1+ Ne4 60. Rf1 Nd2 61. Rf4 Ne4 62. Ke7 Ng5 63. Rf1 Nf3 64. h4 f4 65.
gxf4+ Kxf4 66. Kf6 g3 67. h5 Kg4 68. h6 Ng5 69. Rg1 Kh5 70. Rh1+ Kg4 71. Kg6
Nh3 72. h7 g2 73. Ra1 g1=Q 74. Rxg1+ Nxg1 75. h8=Q Nf3 76. Qh5+ Kf4 77. Qf5+
Ke3 78. Kf6 Nd4 79. Qc5 Ke4 80. Qe5+ Kd3 81. Qd5 Ke3 82. Kg5 Nf3+ 83. Kg4 Nd4
84. Kg3 Ne2+ 85. Kg4 Nd4 86. Qa2 Ke4 87. Qa4 Ke5 88. Qe8+ Kd5 89. Kf4 Ne6+ 90.
Ke3 Ke5 91. Qh5+ Kd6 92. Ke4 Nc5+ 93. Kd4 Ne6+ 94. Kc4 Nf4 95. Qf5 Ne6 96. Qd5+
Ke7 97. Qe5 Kd7 98. Kb5 Nc7+ 99. Kb6 Ne6 100. Kb7 Nd8+ 101. Ka6 Ne6 102. Kb6
Ke7 103. Kc6 Kf7 104. Kd6 Ng7 105. Kd7 Kg6 106. Qg3+ Kf6 107. Qh4+ Kg6 108.
Qe4+ Kf6 109. Qh7 Kf7 110. Kd6 Kf6 111. Qh4+ Kf7 112. Qg5 Ne8+ 113. Ke5 Kf8
114. Qh6+ Kf7 115. Qf4+ Ke7 116. Qf5 Kd8 117. Qf7 Nc7 118. Kd6 Nb5+ 119. Kc6
Nd4+ 120. Kc5 Nc2 121. Kd6 1-0

[Event "Bochumer SV 2 - SV Erkenschwick 2"]
[Site "Verbandsliga - Gruppe 1 2021/"]
[Date "2022.01.16"]
[Round "4.2"]
[White "Schaefers, Andreas"]
[Black "Henn, Marcus"]
[Result "1/2-1/2"]
[WhiteElo "1975"]
[BlackElo "1999"]
[PlyCount "42"]
[EventDate "2022.??.??"]
[WhiteTeam "Bochumer SV 2"]
[BlackTeam "SV Erkenschwick 2"]

1. d4 Nf6 2. c4 e6 3. Nc3 Bb4 4. e3 O-O 5. Nge2 Re8 6. a3 Bf8 7. Ng3 d5 8. Be2
b6 9. cxd5 exd5 10. O-O Ba6 11. b4 c6 12. b5 cxb5 13. Nxb5 Nc6 14. a4 Qd7 15.
Bd2 g6 16. Qb3 h5 17. Rfc1 h4 18. Nf1 h3 19. gxh3 Rac8 20. Bf3 Qxh3 21. Bg2 Qd7
1/2-1/2